[Event "6th Vergani Cup January 2022"]
[Site "Cattolica"]
[Date "2022.01.07"]
[Round "7.2"]
[White "Korobov, Anton"]
[Black "Dvirnyy, Danyyil"]
[Result "1-0"]
[WhiteElo "2699"]
[BlackElo "2492"]
[Annotator "TA"]
[PlyCount "99"]
[EventDate "2022.01.02"]
[EventType "swiss"]
[EventCountry "ITA"]
[SourceTitle "playchess.com"]
[Source "ChessBase"]
[SourceQuality "1"]

{[%evp 9,99,16,11,0,6,3,29,22,32,28,43,41,65,57,66,54,54,47,60,43,41,5,12,0,5,10,20,0,39,14,31,17,26,21,52,46,47,9,10,10,14,11,39,0,44,20,31,0,8,12,38,26,29,27,38,43,56,44,130,73,79,73,49,49,57,60,62,49,49,49,49,49,49,44,39,0,44,37,102,96,489,482,480,448,514,499,534,526,509,488,470,413]} 1. c4 e5 2. d3 Nf6 3. Nf3 Bb4+ 4. Nbd2 d6 {[%cal Bd7d6,Bd6d5][%mdl 32]} 5. a3 Bxd2+ {[#]} 6. Nxd2 $146 {A20: English Opening: 1...e5.} ({Predecessor:} 6. Bxd2 c5 7. b4 Nc6 8. g3 O-O 9. Bg2 Bf5 10. O-O Qd7 11. Bg5 Ne8 12. b5 {0-1 (32) Wagner,D (2581)-Le,Q (2709) Chess.com INT 2020}) 6... O-O 7. g3 c6 8. Bg2 {White has an edge.} d5 9. O-O Re8 10. b4 Bg4 11. h3 Bh5 12. Bb2 Nbd7 13. cxd5 cxd5 14. Rc1 a5 15. g4 Bg6 16. Qb3 axb4 17. axb4 Nb6 18. Ra1 Qd6 19. Rxa8 (19. Ra5 {seems wilder.} Rac8 20. Rfa1 h6 21. Rb5 Rc7 22. e3) 19... Rxa8 20. Ra1 Rxa1+ 21. Bxa1 h5 22. g5 Nfd7 23. e4 {[%cal Re4d5]} dxe4 24. Nxe4 Qe7 25. h4 Bf5 26. Bc3 {[%cal Ba1c3,Bc3d2,Bd2e3][%mdl 32]} Be6 (26... Nf8 $11) 27. Qa3 (27. Qb2 $5 {[%cal Rc3e5]}) 27... Bd5 28. Qa1 Qe6 29. Qd1 Qc6 {[#] Strongly threatening ...Bxe4.} 30. Bd2 {A strong pair of Bishops.} g6 31. Be3 Nc8 32. Qa1 Nd6 {[%cal Rd6e4]} 33. Qa8+ Kg7 {[#]} (33... Qc8 $1 $14 34. Qxc8+ Nxc8) 34. b5 {White is much more active.} (34. Nf6 $142 $1 Nxf6 35. gxf6+ Kxf6 36. Bg5+ Ke6 37. Bh3+ Nf5 38. Qd8) 34... Qc8 $16 {Prevents Qg8+.} 35. Qxc8 Nxc8 36. Bh3 Be6 37. Bxe6 fxe6 $14 {[%mdl 4096] Endgame KBN-KNN} 38. Kg2 Ne7 39. Nd6 b6 40. Nc4 Nd5 41. Kf3 Kf7 42. Bc1 Nc3 (42... Nc7 $11 {deserves consideration.}) 43. Nd6+ Kg7 (43... Ke7 $14 44. Ba3 Nd5) 44. Bb2 $16 Na4 {[%mdl 8192] Black cannot hold the game after this.} (44... Nd5 $16 {is more resistant.}) 45. Ba1 $18 {White is clearly winning.} Nac5 46. Ke3 Kf8 47. Nc4 Ke7 48. Bxe5 Kd8 49. Bd4 Na4 50. Kf4 {Weighted Error Value: White=0.09 (flawless) /Black=0.32} 1-0

[Event "6th Vergani Cup January 2022"]
[Site "Cattolica"]
[Date "2022.01.07"]
[Round "7.3"]
[White "Kotronias, Vasilios"]
[Black "Short, Nigel D"]
[Result "0-1"]
[WhiteElo "2492"]
[BlackElo "2633"]
[Annotator "TA"]
[PlyCount "68"]
[EventDate "2022.01.02"]
[EventType "swiss"]
[EventCountry "ITA"]
[SourceTitle "playchess.com"]
[Source "ChessBase"]
[SourceQuality "1"]

{[%evp 15,68,18,23,20,22,0,10,0,11,0,-11,-10,8,-50,-30,-43,-32,-42,-33,-108,-106,-97,-88,-370,-366,-376,-385,-354,-186,-591,-572,-906,-895,-946,-635,-555,-294,-294,-287,-556,-553,-587,-568,-712,-747,-1221,-1219,-1159,-1145,-1550,-1557,-1538,-1509,-1461,-1420]} 1. e4 e5 2. Nf3 Nc6 3. Bb5 Nf6 4. d3 d6 5. O-O Bd7 6. c3 g6 7. Re1 Bg7 8. Nbd2 O-O 9. Ba4 {C66: Ruy Lopez: Steinitz Defence.} Re8 {[#]} 10. a3 $146 ({Predecessor:} 10. Nf1 Na5 11. Bc2 c5 12. h3 Nc6 13. Ne3 h6 14. Nh2 Be6 15. Nhg4 h5 16. Nxf6+ Bxf6 17. Bb3 Bg5 18. Rf1 Kg7 19. Bxe6 Rxe6 20. Nd5 Bxc1 21. Rxc1 Ne7 22. Qb3 Nxd5 23. Qxd5 Qe7 {½-½ (23) Sasikiran,K (2673)-Wang,H (2737) Poikovsky 2019}) 10... a5 11. Bb3 {The position is equal.} h6 12. a4 Be6 13. Nc4 Nd7 14. d4 {Inhibits Nc5.} (14. Ne3 $11) 14... exd4 $15 15. Nxd4 Nxd4 16. cxd4 {Threatens to win with d5.} d5 17. Ne3 (17. exd5 $15 Bxd5 18. Be3) 17... dxe4 $17 18. d5 Bf5 {Black is more active.} 19. g4 $2 {[%mdl 8192] [#]} (19. Nxf5 $17 gxf5 20. Bd2) 19... Ne5 $1 $19 {[%cal Od8h4,Bd7e5,Be5f3,Bf3d4][%mdl 32]} 20. gxf5 Nf3+ 21. Kf1 {[%cal Od5d6]} Qg5 ({Weaker is} 21... Nxe1 22. Kxe1 Qd6 23. h4 $11) (21... Qh4 $142 22. d6 Qh3+ 23. Ke2 Nd4+ 24. Kd2 gxf5) 22. h4 $2 (22. h3) 22... Qxh4 23. Ke2 Nd4+ 24. Kd2 gxf5 {[%cal Bg6f5,Bf5f4,Bf4f3,Bf3e2][%mdl 32]} 25. Bc4 Qxf2+ 26. Re2 Qf3 {Dancing on a razor blade.} ({Wrong is} 26... Nxe2 $2 27. Qxe2 Qf4 28. Kc2 $19) 27. Qg1 $2 (27. Rg2 f4 28. Kc3) 27... f4 {Black is clearly winning.} 28. Ng4 e3+ 29. Ke1 Qh3 {Strongly threatening ...Nf3+.} 30. Kd1 Nxe2 31. Bxe2 f3 32. Nf6+ Kh8 33. Nxe8 fxe2+ 34. Kxe2 Qh5+ {Black took control after the opening.  Weighted Error Value: White=1.29/Black=0.41} 0-1

[Event "6th Vergani Cup January 2022"]
[Site "Cattolica"]
[Date "2022.01.07"]
[Round "7.4"]
[White "Thybo, Jesper Sondergaard"]
[Black "Alsina Leal, Daniel"]
[Result "1-0"]
[WhiteElo "2590"]
[BlackElo "2497"]
[Annotator "TA"]
[PlyCount "161"]
[EventDate "2022.01.02"]
[EventType "swiss"]
[EventCountry "ITA"]
[SourceTitle "playchess.com"]
[Source "ChessBase"]
[SourceQuality "1"]

{[%evp 14,161,13,19,16,8,21,27,37,36,42,50,77,69,89,85,92,18,15,18,13,16,22,25,15,16,13,17,37,30,90,88,83,83,83,80,80,87,108,72,72,72,106,106,119,109,114,104,108,96,89,97,147,137,106,83,96,100,193,168,167,167,328,328,328,328,328,324,328,328,328,328,324,317,317,276,142,141,1077,1051,881,819,755,836,2281,1852,29963,29964,29965,29965,29964,29966,29969,29969,29971,29954,29956,29956,29956,29955,29962,29961,29983,29984,29984,29983,29981,29956,29955,29957,29956,29957,29964,29966,29967,29969,29969,29969,29970,29973,29973,29974,29975,29978,29977,29978,29978,29977,29977,29977,29983,29984,29985,29986,29987,29988,29988,29989,29989,29970,10713,0,29989,29987,29989,29990,29990,29991,29993,29994]} 1. d4 Nf6 2. Nf3 d5 3. c4 e6 4. Nc3 Bb4 5. Bg5 h6 6. Bxf6 Qxf6 7. Qa4+ Nc6 8. e3 O-O {D38: Queen's Gambit Declined: Ragozin Defence (4 Nf3 Bb4).} 9. Be2 {[%cal Bf1e2,Be2c4,Bc4b5][%mdl 32]} Bd7 10. Qb3 a5 {White has an edge.} 11. O-O a4 {[#]} 12. Nxa4 $146 ({Predecessor:} 12. Qc2 dxc4 13. Ne4 Qe7 14. a3 Bd6 15. Bxc4 Na5 16. Nfd2 Nxc4 17. Nxc4 Bc6 18. Ncd2 {0-1 (30) Koneru,H (2586)-Hou,Y (2658) Chess.com INT 2020}) 12... dxc4 13. Bxc4 b5 14. Bxb5 Rfb8 {[#]} 15. Ne5 Nxd4 16. Nxd7 {Pair of Knights!} Nxb3 17. Nxf6+ gxf6 18. axb3 {Bc4 is the strong threat.} Rxb5 19. Nc3 Rxa1 20. Nxb5 $11 {[%mdl 4096] Endgame KRB-KRN} Ra2 21. Rb1 c6 (21... Ra5 $11 22. Nc3 (22. Nxc7 Kf8 $11) 22... f5) 22. Nd4 $16 Ra6 23. Rc1 c5 24. Nc2 Ra2 25. Rb1 Kf8 26. Nxb4 cxb4 {KR-KR} 27. Kf1 Ke7 28. Ke2 Kd6 29. Kd3 Kc5 30. Rc1+ Kb5 31. Rc2 Ra1 32. Ke4 Rh1 ({Black should play} 32... Rg1) 33. h3 Rd1 34. g4 Rd5 35. f4 {[%cal Bf2f4,Bf4f5][%mdl 32]} h5 (35... f5+ $16 36. gxf5 Rxf5) 36. f5 hxg4 37. hxg4 Re5+ $2 (37... Rd1 38. Rf2 Rd6 39. fxe6 Rxe6+ 40. Kd3 Kc6) 38. Kf4 $18 {Strongly threatening Rc7.} exf5 39. gxf5 {Black must now prevent Rc7.} Re7 {Inhibits Rc7.} 40. Rd2 {To avoid Rd7. Hoping for Rd6.} Kc5 {To avoid Rd6} 41. e4 Kc6 42. Rd4 Kc5 43. Rc4+ Kb5 44. Ke3 Ra7 45. Rd4 {aiming for Rd6.} Ra2 $2 {[%mdl 8192] [#]} (45... Kc5 $16 46. Rd5+ Kc6) 46. Rd6 $1 Rxb2 47. Rxf6 Rxb3+ 48. Kd4 Rb1 49. Rxf7 {Intending Ke5 and mate.} Rd1+ 50. Ke5 Kc6 51. Rg7 b3 52. Rg2 Rd8 53. Rb2 Rb8 54. Ke6 Kc5 55. f6 Kd4 56. e5 Rb6+ 57. Kf5 Rb5 58. f7 Rxe5+ 59. Kg6 Re6+ 60. Kg7 Kc3 {[#]} 61. Rxb3+ $1 {[%mdl 512]} Kxb3 62. f8=Q {KQ-KR} Re3 63. Qc5 Rc3 64. Qb5+ Kc2 65. Kf6 Re3 66. Kf5 Kd2 67. Kf4 Rd3 68. Qb2+ Kd1 69. Ke4 Rg3 70. Qh2 Rc3 71. Kd4 Rb3 72. Qf2 Ra3 73. Kc4 Ra6 74. Kb3 Re6 75. Qd4+ Ke1 76. Qg1+ Kd2 77. Qd4+ Ke1 78. Kc3 {White mates.} Kf1 79. Qf4+ Ke1 80. Qh4+ Kd1 81. Qg4+ {Weighted Error Value: White=0.07 (flawless) /Black=0.26 (precise)} 1-0

[Event "6th Vergani Cup January 2022"]
[Site "Cattolica"]
[Date "2022.01.07"]
[Round "7.5"]
[White "Gilevych, Artem"]
[Black "Bernadskiy, Vitaliy"]
[Result "1/2-1/2"]
[WhiteElo "2407"]
[BlackElo "2599"]
[Annotator "TA"]
[PlyCount "36"]
[EventDate "2022.01.02"]
[EventType "swiss"]
[EventCountry "ITA"]
[SourceTitle "playchess.com"]
[Source "ChessBase"]
[SourceQuality "1"]

{[%evp 13,17,0,0,0,70,26]} 1. Nf3 Nf6 2. c4 c5 3. Nc3 d5 4. cxd5 Nxd5 5. e3 Nc6 6. d4 e6 $1 {[%mdl 4] is currently scoring better than 6...cxd4.} 7. Bd3 Be7 8. O-O {E56: Nimzo-Indian: Rubinstein: Main Line: 7...Nc6.} Nf6 (8... O-O $11) 9. a3 {[#]} (9. dxc5 $14 Bxc5 10. a3) {Predecessor:} 9... O-O $146 10. dxc5 Bxc5 11. Qc2 Bb6 12. Ne4 h6 13. b4 Nxe4 14. Bxe4 Bd7 15. Bb2 Rc8 16. Qe2 Qe7 17. Rfd1 Rfd8 18. Rd2 Be8 {½-½ (45) Hoi,C (2373)-Nielsen,V (2279) Copenhagen 2018} 1/2-1/2

[Event "6th Vergani Cup January 2022"]
[Site "Cattolica"]
[Date "2022.01.07"]
[Round "7.6"]
[White "Lalith Babu M R"]
[Black "Lodici, Lorenzo"]
[Result "1-0"]
[WhiteElo "2553"]
[BlackElo "2524"]
[Annotator "TA"]
[PlyCount "81"]
[EventDate "2022.01.02"]
[EventType "swiss"]
[EventCountry "ITA"]
[SourceTitle "playchess.com"]
[Source "ChessBase"]
[SourceQuality "1"]

{[%evp 17,81,32,25,18,33,6,0,0,25,0,0,12,0,-22,0,0,29,17,56,28,81,89,86,99,93,100,105,135,126,129,184,184,181,175,203,218,229,220,222,221,214,220,281,273,342,345,328,314,518,493,510,509,543,389,375,360,6315,6187,5197,5189,29980,29981,29990,29988,29988,29985]} 1. d4 Nf6 2. Nf3 d5 3. c4 e6 4. Nc3 dxc4 5. e4 Bb4 6. Bg5 h6 7. Bxf6 Qxf6 8. Bxc4 O-O 9. O-O c5 10. e5 {D39: Queen's Gambit Declined: Ragozin Defence with 5 Bg5 dxc4.} Qd8 11. Ne4 {Black must now prevent a3.} cxd4 12. Qe2 {The position is equal.} Be7 13. Rfd1 Qa5 14. a3 ({Much weaker is} 14. Rxd4 Nc6 15. Rd2 (15. Qd2 Qc7 $17) 15... Nxe5 $15) 14... Rd8 15. Ng3 {[#]} b5 $146 ({Predecessor:} 15... Bd7 16. b4 Qb6 17. Rxd4 Be8 18. Rg4 Nd7 19. Nh5 g6 20. Qe4 a5 21. Nd4 Bg5 {½-½ (43) Sokolov,I (2590)-Van Foreest,L (2500) Groningen 2018}) 16. Bxb5 Bb7 17. Rxd4 Nc6 18. Rg4 {[#] Hoping for Nh5.} Rd5 (18... Kh8 $1 $11 {remains equal.}) 19. Bc4 {White leaves nothing to chance now.} Rxe5 20. Nxe5 Nxe5 21. Rd4 Qc7 22. Ba6 Bd5 23. Rdd1 {Strongly threatening Rac1.} Rd8 (23... Bg5 $16 {keeps fighting.}) 24. Rac1 $18 Qb8 25. Nf1 Bg5 26. Ne3 Bc6 27. Rxd8+ Qxd8 28. b4 Qd4 29. h3 g6 30. Rc5 Qa1+ 31. Qf1 Qd4 32. Nc4 Nxc4 (32... Bd5 33. Nxe5 Qxe5) 33. Qxc4 ({Not} 33. Rxc6 Nxa3 34. Qe1 Bh4 $18) ({Less strong is} 33. Bxc4 Ba4 34. Qd3 Qa1+ 35. Kh2 Qf6 $18) 33... Qd1+ 34. Qf1 Qa4 35. Bb5 Bxb5 36. Qxb5 Qxa3 {KQR-KQB} (36... Qd1+ 37. Kh2 Qd8) 37. Qe8+ Kg7 38. Rc8 {[%csl Gc8][%cal Re8h8]} Qa1+ 39. Kh2 {[%csl Gc8][%cal Re8h8] White mates.} Bf4+ 40. g3 Bxg3+ {[#]} 41. Kg2 $1 {Weighted Error Value: White=0.08 (flawless) /Black=0.40} 1-0

[Event "6th Vergani Cup January 2022"]
[Site "Cattolica"]
[Date "2022.01.07"]
[Round "7.7"]
[White "Salimova, Nurgyul"]
[Black "Arjun Kalyan"]
[Result "1-0"]
[WhiteElo "2353"]
[BlackElo "2537"]
[Annotator "TA"]
[PlyCount "87"]
[EventDate "2022.01.02"]
[EventType "swiss"]
[EventCountry "ITA"]
[SourceTitle "playchess.com"]
[Source "ChessBase"]
[SourceQuality "1"]

{[%evp 13,87,5,16,0,10,-14,-13,-9,5,13,18,-10,-12,-38,-22,-29,16,-24,-12,-72,-72,-85,-60,-64,-58,-60,-49,-100,-88,-117,-115,-110,-102,-106,-104,-102,-100,-94,-50,-52,-55,-58,-55,-31,21,23,19,26,22,19,19,19,23,23,95,95,112,114,755,748,740,734,726,700,29970,29970,29964,29960,29961,29962,29978,29966,29947,6464,29982,5210]} 1. d4 Nf6 2. c4 e6 3. Nf3 d5 4. g3 Bb4+ 5. Bd2 Be7 6. Bg2 O-O 7. O-O Nbd7 8. b4 {E11: Bogo-Indian.} c6 9. Qc2 b6 10. a4 {The position is equal.} Ne4 {[#]} 11. b5 $146 ({Predecessor:} 11. Bf4 Bxb4 12. Ne5 Nxe5 13. dxe5 Nc5 14. a5 bxa5 15. Be3 d4 16. Rd1 dxe3 17. Rxd8 exf2+ 18. Kxf2 Rxd8 19. Bxc6 {0-1 (38) Rastbod,A (2286)-Talebi,M (2093) Teheran 2020}) 11... Bb7 12. cxd5 cxd5 13. Bc1 Rc8 14. Qd3 Rc4 (14... Qc7 $142) 15. Ba3 (15. Nfd2 $5 {[%cal Rg2e4]} Rxd4 16. Qxd4 $11) 15... Bxa3 16. Nxa3 (16. Qxa3 $11 Qc7 17. e3) 16... Rxa4 $17 17. Nc2 Rxa1 (17... Ra5 {with more complications.} 18. Rfc1 Nd6 19. e3 Rxb5 20. Rxa7 Qb8) 18. Rxa1 Qb8 19. Nd2 {[%cal Rd2e4]} Nd6 20. Ne3 (20. Nb4 $15) 20... Rc8 21. h4 Nf6 22. Qb3 Rc7 23. Qb4 Nfe8 24. Ng4 Bc8 25. Ne5 Bd7 (25... Qb7 $17 26. e3 f6) 26. e4 $1 $15 Bxb5 {[#] Threatens to win with ...Qc8.} 27. exd5 Qc8 {...Rc1+ is the strong threat.} 28. Ne4 Rc1+ (28... Nxe4 $15 29. Bxe4 exd5 30. Bxd5 a6) 29. Rxc1 $11 Qxc1+ 30. Kh2 a5 31. Qb3 Qc8 32. Nxd6 Nxd6 33. Bh3 {[%cal Rd5e6]} a4 (33... Qc7 $1 $11) 34. Qb4 $16 Qc7 35. dxe6 {White is more active.} f6 {[%mdl 8192] Loses the game.} (35... fxe6 $16 36. Bxe6+ Kf8) 36. Nf7 $1 $18 Nxf7 37. exf7+ Kxf7 38. Qxb5 Qc2 39. Qd7+ Kg6 40. Qe8+ Kh6 41. Qe3+ g5 42. hxg5+ fxg5 43. d5 {[#] White wants to mate with d6.} a3 44. Qxb6+ {Weighted Error Value: White=0.10 (very precise) /Black=0.62} (44. d6 $142 Qg6 45. d7 Qf6 46. Qe6 Kg7 47. Qxf6+ Kxf6 48. d8=Q+ Ke5 49. Qxb6) 1-0

[Event "6th Vergani Cup January 2022"]
[Site "Cattolica"]
[Date "2022.01.07"]
[Round "7.8"]
[White "Niemann, Hans Moke"]
[Black "Bharath Subramaniyam H"]
[Result "1-0"]
[WhiteElo "2645"]
[BlackElo "2479"]
[Annotator "TA"]
[PlyCount "49"]
[EventDate "2022.01.02"]
[EventType "swiss"]
[EventCountry "ITA"]
[SourceTitle "playchess.com"]
[Source "ChessBase"]
[SourceQuality "1"]

{[%evp 9,49,21,19,12,18,21,57,27,47,58,63,66,80,73,72,65,118,118,194,123,182,199,173,101,100,108,350,272,457,440,479,480,476,446,435,430,708,706,2916,2462,1848,1749]} 1. Nf3 c5 2. c4 Nc6 3. Nc3 e5 4. e3 Nf6 5. d4 cxd4 6. exd4 {A34: Symmetrical English: 2 Nc3, lines with ...d5.} exd4 7. Nxd4 {[%cal Bf3d4,Bd4b5,Bb5d6][%mdl 32]} Bb4 8. Be2 {White is slightly better.} Ne4 9. Ndb5 O-O {[%cal Oe4f2]} 10. O-O {[#]} Bxc3 $146 ({Predecessor:} 10... Nxc3 11. bxc3 Bc5 12. Bf4 d6 13. Nxd6 Bxd6 14. Bxd6 Re8 15. c5 Be6 16. Rb1 b6 {1-0 (34) Teske,H (2517)-Kanovsky,D (2389) Pardubice 2013}) 11. bxc3 a6 12. Nd6 Nxc3 (12... Nxd6 $1 $14 13. Qxd6 Re8) 13. Qd2 $1 $16 Qf6 {[#]} (13... Nxe2+ $16 {might work better.} 14. Qxe2 b5) 14. Ba3 ({Better is} 14. Bd3 $1 $18 {[%cal Oc1b2] Hoping for Bb2!} g6 (14... Na4 15. Ba3) 15. Bb2 $1 Qxd6 16. Qxc3 (16. Bxc3 Ne5 $11)) 14... b5 (14... Nxe2+ $16 15. Qxe2 Qc3) 15. Bf3 $18 ({Weaker is} 15. cxb5 axb5 16. Nxb5 Nxb5 17. Bxf8 Nbd4 $11) 15... Rb8 16. Bxc6 (16. Bc5 $1 $18) 16... dxc6 $16 {[#]} 17. Bb4 $1 $36 {[%mdl 2048] White is on the roll.} Rd8 $2 {Black cannot hold the game after this.} 18. Qxc3 Rxd6 $2 {[#]} (18... Qxc3 19. Bxc3 Be6) 19. Qg3 $1 $18 {[%mdl 64] Pin. White is clearly winning.} c5 20. Bxc5 Rdb6 21. Bxb6 Rxb6 22. Rae1 {[%cal Re1e8]} Qc6 {Inhibits Re8+.} (22... Kf8 $142 23. Qa3+ b4) 23. cxb5 Rxb5 {[#]} 24. Qc7 $3 {[%mdl 512] Intending Qd8+ and mate.} Qd7 {To avoid Qd8+} 25. Re7 {Weighted Error Value: White=0.19 (very precise) /Black=0.54} 1-0

[Event "6th Vergani Cup January 2022"]
[Site "Cattolica"]
[Date "2022.01.07"]
[Round "7.9"]
[White "Kozul, Zdenko"]
[Black "Martinovici, Ilia"]
[Result "1/2-1/2"]
[WhiteElo "2625"]
[BlackElo "2395"]
[Annotator "TA"]
[PlyCount "66"]
[EventDate "2022.01.02"]
[EventType "swiss"]
[EventCountry "ITA"]
[SourceTitle "playchess.com"]
[Source "ChessBase"]
[SourceQuality "1"]

{[%evp 9,66,-13,-28,0,0,-16,0,-3,-2,0,0,-9,-1,-6,-7,-36,-27,-44,-25,-72,-66,-64,-78,-89,-113,-254,-125,-124,-130,-243,0,0,0,0,0,-493,-485,-450,-223,-205,-192,-173,0,0,0,-571,-571,-550,-525,-484,-453,-12831,-12833,-12833,0,0,0,0,0]} 1. Nf3 Nf6 2. g3 d5 3. Bg2 c5 4. c4 d4 5. e3 Nc6 6. exd4 {A09: Réti Opening: 1 Nf3 d5 2 c4.} cxd4 7. O-O g6 8. b4 Nxb4 9. Qa4+ Nc6 10. Ne5 Bd7 {[#]} 11. Nxc6 $146 ({Predecessor:} 11. Nxd7 Qxd7 12. d3 Bg7 13. Nd2 O-O 14. Ba3 Rfd8 15. Rfe1 Bf8 16. Nb3 Rac8 17. Nc5 {0-1 (57) Shoker,S (2365)-Govciyan,P (2411) Pau 2008}) 11... bxc6 12. Bxc6 Rc8 13. Bb5 Bg7 $1 14. Qxa7 (14. d3 $11) 14... Bxb5 $17 15. cxb5 O-O $1 16. d3 Qd5 $1 17. a4 (17. Na3 $17 {was worth a try.}) 17... Nd7 (17... Ng4 $1 $19 {[%cal Rg4f2] has better winning chances. Strongly threatening ...Nxf2!} 18. Qxe7 Rfe8) 18. Nd2 Ne5 {Inhibits Nc4.} 19. Qxe7 (19. b6 $17 {is a better defense.} Rc2 20. b7 Rxd2 21. Bxd2 (21. b8=Q Nf3+ 22. Kh1 Nh4+ 23. f3 Qxf3+ 24. Rxf3 Rd1+) 21... Nf3+ 22. Kh1 Nxd2+ 23. f3 Nxf3 24. Rf2 Ne5+ 25. Kg1) 19... Rc2 $2 (19... Rfe8 $1 $19 {[%cal Re8e7]} 20. Qa3 Rc2) 20. Ne4 {[%cal Oc1h6] And now Bh6! would win.} Nf3+ 21. Kg2 $1 (21. Kh1 f5 22. Bf4 (22. Qd6 Qa8 $17) 22... fxe4 23. Qxe4 Qxe4 24. dxe4 g5 $17) 21... f5 (21... Qh5 $2 22. Ba3 Kh8 23. Nf6 $18) 22. b6 $2 {[%mdl 8192]} fxe4 $19 23. Qxe4 {[#]} Qxe4 (23... Qh5 24. Bf4 Qxh2+ 25. Kxf3 $11) (23... Ne1+ $142 $1 {[%mdl 512]} 24. Kg1 (24. Rxe1 {leads to mate.} Rfxf2+ 25. Kg1 Rg2+ 26. Kh1 Rxh2+ 27. Kg1 Rhg2+ 28. Kh1 Qh5+ 29. Qh4 Rh2+ 30. Kg1 Rcg2+ 31. Kf1 Qf3#) 24... Qxe4 25. dxe4 d3 $1) 24. dxe4 {Black must now prevent b7.} d3 25. Ba3 {[#]} Bxa1 $2 ({Not} 25... Rf7 26. Rab1 Be5 27. b7 $15) (25... Rd8 $1 $19 26. Rac1 (26. Kxf3 $2 Bxa1 27. Be7 Rd7 $19) 26... Ne5) 26. Bxf8 $11 d2 {( -> ...Ne1+)} 27. Kxf3 {[%mdl 12288] Endgame KRB-KRB} (27. Rxa1 $11 {and White is okay.} Rc1 28. b7 Ne1+ 29. Kg1 Nf3+ 30. Kg2) 27... Rc1 $19 28. Bh6 Rxf1 29. Bxd2 Bd4 {[%csl LRb6,LRf2]} 30. Be3 (30. b7 $142 Rb1 31. Ke2) 30... Bxe3 31. Kxe3 {[#]} Ra1 $2 ({Black should play} 31... Rb1 $1 $19 32. a5 Rb5) 32. Kd4 $1 $11 {Kc5 is the strong threat.} Rxa4+ 33. Kc5 {Threatens to win with b7.} Ra2 {Weighted Error Value: White=0.82/Black=0.41} 1/2-1/2

[Event "6th Vergani Cup January 2022"]
[Site "Cattolica"]
[Date "2022.01.07"]
[Round "7.10"]
[White "Nikolov, Momchil"]
[Black "Barp, Alberto"]
[Result "1/2-1/2"]
[WhiteElo "2508"]
[BlackElo "2408"]
[Annotator "TA"]
[PlyCount "63"]
[EventDate "2022.01.02"]
[EventType "swiss"]
[EventCountry "ITA"]
[SourceTitle "playchess.com"]
[Source "ChessBase"]
[SourceQuality "1"]

{[%evp 27,63,41,44,41,51,49,58,48,40,54,50,42,64,45,65,50,68,50,49,13,42,39,65,36,41,34,18,22,9,8,14,6,21,0,0,0,0,-16]} 1. d4 Nf6 2. c4 e6 3. Nf3 d5 4. g3 Bb4+ 5. Bd2 Bd6 6. Nc3 O-O 7. Bg5 Be7 8. Bg2 Nbd7 9. Qd3 c6 10. O-O b6 11. e4 Nxe4 12. Bxe7 Qxe7 13. Nxe4 dxe4 14. Qxe4 Bb7 15. Rfe1 {E01: Catalan: Early deviations.} Rad8 16. Rad1 {[#]} h6 $146 ({Predecessor:} 16... Rfe8 17. a3 Ba8 18. Qc2 a5 19. h4 h6 20. Qc3 Qf6 21. c5 bxc5 22. Qxa5 cxd4 23. Nxd4 e5 {0-1 (55) Ulybin,M (2587)-Swayams,M (2386) Visakhapatnam 2011}) 17. a3 {White is slightly better.} a5 18. Qf4 {Black must now prevent Qc7.} Rfe8 19. h4 Ba8 20. Rd2 Qf8 21. Qc7 {White is more active.} Qe7 22. Red1 Rc8 23. Qf4 Qf6 (23... c5 {with more complications.} 24. Ne5 Bxg2 25. Kxg2 cxd4 26. Nxd7 Qxd7 27. Rxd4 Qc6+) 24. Qg4 {[%cal Oc4c5]} Bb7 {[%cal Ba8b7,Bb7a6,Ba6b5,Bb5c4][%mdl 32]} 25. b4 axb4 26. axb4 Qe7 27. c5 {The position is equal.} Ba6 28. Ne5 Bb5 29. Qf4 Red8 30. Be4 Nxe5 31. Qxe5 Bc4 32. Bg2 {Weighted Error Value: White=0.11 (very precise) /Black=0.08 (flawless)} 1/2-1/2

[Event "6th Vergani Cup January 2022"]
[Site "Cattolica"]
[Date "2022.01.08"]
[Round "8.1"]
[White "Thybo, Jesper Sondergaard"]
[Black "Korobov, Anton"]
[Result "1/2-1/2"]
[WhiteElo "2590"]
[BlackElo "2699"]
[Annotator "TA"]
[PlyCount "39"]
[EventDate "2022.01.02"]
[EventType "swiss"]
[EventCountry "ITA"]
[SourceTitle "playchess.com"]
[Source "ChessBase"]
[SourceQuality "1"]

{[%evp 11,39,27,12,11,10,11,12,8,14,15,14,18,26,22,19,14,19,19,19,7,8,8,14,8,12,9,11,8,0,0]} 1. d4 Nf6 2. c4 e6 3. Nf3 d5 4. g3 dxc4 5. Bg2 a6 6. O-O Nc6 7. Bg5 {E04: Open Catalan: 5 Nf3.} Be7 8. e3 O-O 9. Nbd2 e5 10. Nxe5 Nxe5 11. dxe5 Ng4 12. Bxe7 Qxe7 {The position is equal.} 13. Nxc4 {aiming for f4.} Nxe5 14. Nxe5 Qxe5 15. Qd4 Qxd4 16. exd4 {[%cal Be3d4,Bd4d5][%mdl 32] [#]} Rd8 $5 $146 {[%mdl 8] New and interesting.} ({Predecessor:} 16... c6 17. d5 cxd5 18. Bxd5 Rd8 19. Rfd1 Kf8 20. Rac1 Rb8 21. f3 Be6 22. Bxe6 fxe6 {½-½ (30) Eljanov,P (2719)-Duda,J (2599) Doha 2014}) 17. Rfe1 Kf8 18. d5 $1 {Inhibits c6.} Bf5 19. Rac1 Rd7 20. Re5 {An even fight not without its subleties.  Weighted Error Value: White=0.02 (flawless) /Black=0.01 (flawless)} 1/2-1/2